[Event "2e Open International de Balagne"]
[Site "Calvi"]
[Date "2005.02.20"]
[Round "1.1"]
[White "Agdestein, Simen"]
[Black "Stubberud, Ornulf"]
[Result "1-0"]
[WhiteElo "2586"]
[BlackElo "2093"]
[PlyCount "77"]

1. d4 Nf6 2. Bg5 Ne4 3. Bf4 c5 4. f3 Qa5+ 5. c3 Nf6 6. d5 d6 7. e4 Nbd7 8. Nh3
g6 9. Be2 Bg7 10. a4 Qc7 11. c4 Nh5 12. Bc1 Qa5+ 13. Bd2 Qb6 14. Ra2 O-O 15. g4
Nhf6 16. Nf4 Ne5 17. Nc3 e6 18. h4 exd5 19. exd5 Re8 20. Kf1 Nfd7 21. h5 Nf8
22. Ng2 Qd8 23. h6 Bh8 24. f4 Ned7 25. b3 Nb8 26. Bf3 a5 27. Be1 Na6 28. Re2
Rxe2 29. Qxe2 Nb4 30. Bh4 Bf6 31. Ne4 Bxh4 32. Nxh4 f6 33. Qb2 Kf7 34. g5 Nd3
35. Qd2 f5 36. Qxd3 fxe4 37. Bxe4 Bg4 38. Qc3 Ke8 39. Nxg6 1-0

[Event "2e Open International de Balagne"]
[Site "Calvi"]
[Date "2005.02.20"]
[Round "1.2"]
[White "Humeau, Cyril"]
[Black "Malakhatko, Vadim"]
[Result "0-1"]
[WhiteElo "2088"]
[BlackElo "2569"]
[PlyCount "56"]

1. d4 d5 2. Nf3 c6 3. c3 Bf5 4. Bf4 e6 5. e3 Bd6 6. Bxd6 Qxd6 7. Bd3 Bg6 8.
Bxg6 hxg6 9. Qb3 Qc7 10. Nbd2 Nd7 11. e4 Ne7 12. h3 Nf6 13. exd5 cxd5 14. Qa4+
Nc6 15. Ne5 O-O 16. Nxc6 bxc6 17. O-O Rfb8 18. Rfb1 a5 19. Qc2 c5 20. Nb3 cxd4
21. Nxd4 Ne4 22. c4 Qxc4 23. Qxc4 dxc4 24. b3 Rc8 25. b4 Nc3 26. Rb2 axb4 27.
Rxb4 Rxa2 28. Rc1 Ra4 0-1

[Event "2e Open International de Balagne"]
[Site "Calvi"]
[Date "2005.02.20"]
[Round "1.3"]
[White "Hamdouchi, Hicham"]
[Black "Galli, Jean-Christian"]
[Result "1-0"]
[WhiteElo "2555"]
[BlackElo "2059"]
[PlyCount "42"]

1. e4 e6 2. d4 d5 3. Nc3 Nf6 4. Bg5 Bb4 5. Nge2 dxe4 6. a3 Be7 7. Bxf6 Bxf6 8.
Nxe4 O-O 9. Qd2 b6 10. g3 Bb7 11. Bg2 Kh8 12. O-O-O Nd7 13. c3 Qe7 14. Qc2 c5
15. h4 Rac8 16. Ng5 g6 17. Bxb7 Rc7 18. Bg2 cxd4 19. Nxd4 Rfc8 20. Kb1 Qc5 21.
Nxf7+ Kg7 1-0

[Event "2e Open International de Balagne"]
[Site "Calvi"]
[Date "2005.02.20"]
[Round "1.4"]
[White "Thomassen, Thomas"]
[Black "Chatalbashev, Boris"]
[Result "0-1"]
[WhiteElo "2046"]
[BlackElo "2538"]
[PlyCount "51"]

1. Nf3 d5 2. d4 Nf6 3. c4 e6 4. Nc3 dxc4 5. e3 a6 6. Bxc4 c5 7. a4 Nc6 8. O-O
Be7 9. dxc5 Qxd1 10. Rxd1 Bxc5 11. Bd2 b6 12. Na2 Ne4 13. Be1 Nd6 14. Be2 a5
15. Rac1 Ke7 16. Nc3 Bb7 17. Nb5 Rhd8 18. Nfd4 Nxb5 19. Nxb5 Nb4 20. Bc4 Be4
21. Bc3 Rac8 22. Bd4 Bxd4 23. Rxd4 Rxd4 24. Nxd4 Na2 25. Ra1 Rxc4 26. f3 0-1

[Event "2e Open International de Balagne"]
[Site "Calvi"]
[Date "2005.02.20"]
[Round "1.5"]
[White "Guidarelli, Laurent"]
[Black "Cwiek, Loic"]
[Result "1-0"]
[WhiteElo "2438"]
[BlackElo "2042"]
[PlyCount "35"]

1. d4 d5 2. Nf3 c6 3. c4 Nf6 4. Nc3 e6 5. Bg5 Nbd7 6. cxd5 exd5 7. e3 Bd6 $2 (
7... Be7) 8. Bd3 O-O 9. Qc2 Qc7 10. O-O Re8 11. Rac1 Qa5 12. a3 c5 13. Nb5 Be7
14. dxc5 Qd8 15. Bf4 Nxc5 16. Bc7 Qd7 17. Ne5 Qe6 18. Nd4 1-0

[Event "2e Open International de Balagne"]
[Site "Calvi"]
[Date "2005.02.20"]
[Round "1.6"]
[White "Massoni, Michael"]
[Black "Zozulia, Anna"]
[Result "0-1"]
[WhiteElo "2026"]
[BlackElo "2411"]
[PlyCount "54"]

1. e4 c5 2. Nf3 Nc6 3. d4 cxd4 4. Nxd4 e5 5. Nb5 d6 6. c4 Be7 7. Be3 Be6 8. Be2
a6 9. N5c3 Bg5 10. Bxg5 Qxg5 11. O-O Nge7 12. Nd5 Nxd5 13. exd5 Bh3 14. Bf3 Nd4
15. Kh1 Bf5 16. Nd2 Bc2 17. Ne4 Qg6 18. Qe1 Bd3 19. Ng3 (19. c5 O-O (19... dxc5
20. Nxc5 Bxf1 21. Qxe5+) 20. Nxd6 Bxf1 21. Qxf1) 19... Nxf3 20. gxf3 Bxf1 21.
Qxf1 O-O 22. Qe2 f5 23. Rg1 Qf7 24. f4 Rae8 25. Nh5 g6 26. fxe5 Rxe5 27. Qf3 f4
0-1

[Event "2e Open International de Balagne"]
[Site "Calvi"]
[Date "2005.02.20"]
[Round "1.7"]
[White "Borchgrevink, Harald"]
[Black "Autran, Yann"]
[Result "1-0"]
[WhiteElo "2257"]
[BlackElo "2025"]
[PlyCount "71"]

1. d4 d5 2. Nf3 Nf6 3. c4 c6 4. Nc3 e6 5. e3 Nbd7 6. Qc2 Bd6 7. g4 h6 8. Bd2
Qe7 9. h3 b6 10. O-O-O Bb7 11. cxd5 exd5 12. Bd3 c5 13. Nh4 c4 14. Bf5 Ne4 15.
Bxe4 Qxh4 16. Bxd5 Bxd5 17. Nxd5 O-O 18. f4 b5 19. Qf5 Nb6 20. g5 hxg5 21. fxg5
Qh7 22. Qxh7+ Kxh7 23. Nxb6 axb6 24. a3 Rfe8 25. Rdf1 Kg8 26. Kc2 Ra4 27. Rf5
b4 28. axb4 Bxb4 29. Rb5 c3 30. bxc3 Ra2+ 31. Kb3 Ba5 32. Rb1 Kh7 33. e4 Kg6
34. h4 Rh8 35. Rh1 Rh5 36. Rd5 1-0

[Event "2e Open International de Balagne"]
[Site "Calvi"]
[Date "2005.02.20"]
[Round "1.8"]
[White "Ferrandi, Bernard"]
[Black "Lyell, Mark"]
[Result "0-1"]
[WhiteElo "2007"]
[BlackElo "2230"]
[PlyCount "54"]

1. e4 e5 2. Bc4 f5 3. exf5 Nf6 4. Nf3 d5 5. Bb3 e4 6. Nh4 Bc5 7. d4 exd3 8. O-O
dxc2 9. Qxc2 Be7 10. Bg5 O-O 11. Nc3 c6 12. Rfe1 Nbd7 13. Qe2 Bb4 14. Bxd5+
cxd5 15. Nxd5 Bxe1 16. Ne7+ Kh8 17. Rxe1 Re8 18. Qd3 Rxe7 19. Ng6+ hxg6 20.
Qh3+ Kg8 21. Qb3+ Kf8 22. Qb4 a5 23. Qa3 b5 24. Rd1 Qe8 25. Bd2 Ne5 26. fxg6
Nc4 27. Qd3 Rd7 0-1

[Event "2e Open International de Balagne"]
[Site "Calvi"]
[Date "2005.02.20"]
[Round "1.9"]
[White "Fossum, Oystein Boyum"]
[Black "Lyell, Meri"]
[Result "1-0"]
[WhiteElo "2214"]
[BlackElo "2004"]
[PlyCount "77"]

1. e4 d5 2. exd5 Qxd5 3. Nc3 Qd6 4. d4 a6 5. Be2 Nc6 6. Be3 Nf6 7. h3 Bf5 8. a3
e5 9. dxe5 Qxe5 10. Nf3 Qe7 11. O-O Rd8 12. Qc1 h6 13. b4 Qe6 14. Re1 Bd6 15.
Bf4 O-O 16. Bxa6 Qc8 17. Bxd6 Rxd6 18. Bf1 Rfd8 19. Nb5 R6d7 20. c3 Be4 21. Qf4
Bc2 22. a4 Nd5 23. Qc1 Bg6 24. Qb2 Nf4 25. Qb3 Rd5 26. Rad1 Rh5 27. Rxd8+ Qxd8
28. Qc4 Qf6 29. Re3 Rf5 30. Nbd4 Nxd4 31. Nxd4 Rg5 32. Qxc7 Nd5 33. Re8+ Kh7
34. Qxb7 Nxc3 35. Nf3 Rd5 36. Qc8 Be4 37. Rh8+ Kg6 38. Qg4+ Rg5 39. Nh4# 1-0

[Event "2e Open International de Balagne"]
[Site "Calvi"]
[Date "2005.02.20"]
[Round "1.10"]
[White "Kvisla, Johannes Luangtep"]
[Black "Gelis, Dorian"]
[Result "1-0"]
[WhiteElo "2003"]
[BlackElo "2172"]
[PlyCount "133"]

1. e4 d6 2. d4 Nf6 3. Nc3 Nbd7 4. Nf3 e5 5. Bc4 Be7 6. Bxf7+ Kxf7 7. Ng5+ Kg8
8. Ne6 Qe8 9. Nxc7 Qg6 10. Nxa8 Qxg2 11. Rf1 exd4 12. Qxd4 Ne5 13. f4 Nfg4 14.
Qd5+ Nf7 15. Qc4 Bh4+ 16. Kd1 Be6 17. Qe2 Ne3+ 18. Bxe3 Bg4 19. Rg1 Bxe2+ 20.
Nxe2 Qxe4 21. Bd4 g6 22. Nc7 a6 23. a4 Qc6 24. Ne6 Qd5 25. Nc7 Qc4 26. Na8 Kf8
27. Nb6 Qb4 28. Nd5 Qa5 29. c4 Qd8 30. Bxh8 Nxh8 31. Ra3 Qd7 32. Rg2 Qf5 33.
Re3 Qb1+ 34. Nc1 Qf5 35. Rge2 Qd7 36. Re8+ Qxe8 37. Rxe8+ Kxe8 38. Ke2 Kd7 39.
Nd3 Nf7 40. Nf2 Nh6 41. Ne4 Ng8 42. Kd3 Kc6 43. b4 b5 44. axb5+ axb5 45. Kd4
bxc4 46. Kxc4 h6 47. b5+ Kd7 48. b6 Bd8 49. b7 Bc7 50. Nxc7 Kxc7 51. Nxd6 Nf6
52. Kd4 Nd7 53. Kd5 Nf6+ 54. Ke6 Ng4 55. h3 Nf2 56. h4 Nd3 57. f5 gxf5 58. Kxf5
Nc5 59. Kg6 Nd7 60. Nf7 Kxb7 61. Kxh6 Nf6 62. Kg6 Ng4 63. h5 Kc7 64. Kg5 Kd7
65. Kxg4 Ke7 66. Ne5 Kf6 67. h6 1-0

[Event "2e Open International de Balagne"]
[Site "Calvi"]
[Date "2005.02.20"]
[Round "1.12"]
[White "Astrup, Hkon"]
[Black "Brethes, Francois"]
[Result "0-1"]
[WhiteElo "1965"]
[BlackElo "2147"]
[PlyCount "58"]

1. d4 b6 2. c4 Bb7 3. Nc3 Nf6 4. Nf3 e6 5. Bg5 Bb4 6. a3 Bxc3+ 7. bxc3 h6 8.
Bh4 g5 9. Bg3 Ne4 10. Qc2 Nxg3 11. hxg3 d6 12. e4 Nd7 13. Bd3 Qf6 14. Ke2 e5
15. d5 O-O-O 16. Rh5 Rde8 17. Rah1 Qg7 18. c5 Nxc5 19. Bb5 Ref8 20. g4 Qg6 21.
Nd2 Bxd5 22. f3 Bb7 23. Nb3 Ne6 24. R5h2 d5 25. Bd3 Nf4+ 26. Kf2 Nxd3+ 27. Qxd3
dxe4 28. fxe4 Bxe4 29. Qa6+ Bb7 0-1

+ Bb7 0-1

[Event "2e Open International de Balagne"]
[Site "Calvi"]
[Date "2005.02.20"]
[Round "1.14"]
[White "Larsen Hagen, Brede Andre"]
[Black "Poiron, Nicolas"]
[Result "1-0"]
[WhiteElo "1938"]
[BlackElo "1660"]
[PlyCount "51"]

1. e4 c5 2. Nf3 Nc6 3. d4 cxd4 4. Nxd4 Nf6 5. Nc3 e5 6. Ndb5 d6 7. Bg5 a6 8.
Na3 b5 9. Bxf6 gxf6 10. Nd5 Bg7 11. Bd3 Ne7 12. Nxe7 Qxe7 13. c4 bxc4 14. Nxc4
O-O 15. O-O Be6 16. Ne3 Qb7 17. b3 Rfd8 18. Qh5 h6 19. Nf5 Bxf5 20. Qxf5 d5 21.
exd5 Rac8 22. Bc4 Qb6 23. Rad1 a5 24. Rd3 Qc5 25. Rg3 Qd4 26. Qxf6 1-0

[Event "2e Open International de Balagne"]
[Site "Calvi"]
[Date "2005.02.20"]
[Round "1.15"]
[White "Tinomano, Johann"]
[Black "Danielsen, Magnus"]
[Result "0-1"]
[WhiteElo "1630"]
[BlackElo "1914"]
[PlyCount "24"]

1. e4 d5 2. exd5 Qxd5 3. Nc3 Qa5 4. Nf3 Nf6 5. Bc4 c6 6. a3 Bg4 7. O-O e6 8.
Be2 Bd6 9. h3 h5 10. Nh2 Qe5 11. f4 Qd4+ 12. Kh1 Bf5 0-1

[Event "2e Open International de Balagne"]
[Site "Calvi"]
[Date "2005.02.20"]
[Round "1.16"]
[White "Reppen, Ellisiv"]
[Black "Mencacci, Tiphanie"]
[Result "1-0"]
[WhiteElo "1891"]
[BlackElo "1610"]
[PlyCount "29"]

1. e4 e5 2. Nf3 Nf6 3. Nxe5 d6 4. Nf3 Nxe4 5. d4 d5 6. Bd3 Nc6 7. c3 Bg4 8. O-O
Be7 9. h3 Bf5 10. Bf4 O-O 11. Qc2 Re8 12. Ne5 Bd6 13. f3 Nxe5 14. dxe5 Bc5+ 15.
Kh2 1-0

[Event "2e Open International de Balagne"]
[Site "Calvi"]
[Date "2005.02.20"]
[Round "1.17"]
[White "Zigic, Nikolas"]
[Black "Stubbe, Damien"]
[Result "0-1"]
[WhiteElo "1600"]
[BlackElo "1889"]
[PlyCount "100"]

1. e4 c5 2. Nf3 d6 3. d4 cxd4 4. Qxd4 a6 5. Be3 Nc6 6. Qd1 e6 7. Nbd2 Be7 8.
Be2 Nf6 9. O-O O-O 10. c4 Ng4 11. Qb3 Nxe3 12. Qxe3 Bf6 13. Rab1 Qc7 14. b3 Nb4
15. a4 a5 16. Nd4 Bd7 17. Rbc1 Qc5 18. Nc2 Qxe3 19. Nxe3 Bc6 20. Bf3 Bg5 21.
Rfd1 Rad8 22. Nb1 d5 23. cxd5 exd5 24. exd5 Bxd5 25. Bxd5 Nxd5 26. Re1 Rfe8 27.
Rcd1 Nxe3 28. Rxd8 Rxd8 29. fxe3 Rd3 30. e4 Rxb3 31. e5 Re3 32. Rxe3 Bxe3+ 33.
Kf1 Bd4 34. Nd2 Bxe5 35. Nc4 Bc3 36. Ke2 Bb4 37. Kf3 f6 38. g4 Kf7 39. h3 Ke6
40. Ke4 g6 41. Nb6 Kd6 42. Nd5 f5+ 43. gxf5 gxf5+ 44. Kd4 Bc5+ 45. Kc4 b6 46.
Nf6 f4 47. Ne4+ Ke5 48. Nd2 h6 49. h4 Be3 50. Nf1 Ke4 0-1

[Event "2e Open International de Balagne"]
[Site "Calvi"]
[Date "2005.02.20"]
[Round "1.18"]
[White "Battesti, Marc-Andria"]
[Black "Gil, Jean-Jacques"]
[Result "1-0"]
[WhiteElo "1819"]
[BlackElo "1590"]
[PlyCount "71"]

1. e4 e5 2. f4 Nc6 3. Nf3 d6 4. d4 exd4 5. Bc4 Be6 6. Bxe6 fxe6 7. Nxd4 Nxd4 8.
Qxd4 Ne7 9. Nc3 Nc6 10. Qa4 a6 11. Be3 b5 12. Qb3 Qd7 13. Ne2 Na5 14. Qd3 Nc4
15. b3 Nxe3 16. Qxe3 Be7 17. O-O-O O-O 18. h4 c5 19. h5 Rac8 20. h6 g6 21. g4
Qc6 22. f5 exf5 23. exf5 Qe8 24. fxg6 Qxg6 25. Qxe7 Rce8 26. Qxd6 Qxd6 27. Rxd6
Rxe2 28. Rh5 c4 29. Rg5+ Kh8 30. Rxa6 c3 31. Rd6 Re1+ 32. Rd1 Rff1 33. Rgd5
Rxd1+ 34. Rxd1 Rxd1+ 35. Kxd1 Kg8 36. a4 1-0

[Event "2e Open International de Balagne"]
[Site "Calvi"]
[Date "2005.02.20"]
[Round "1.20"]
[White "Gil, Ludovic"]
[Black "Luciani, Thibault"]
[Result "1-0"]
[WhiteElo "1790"]
[BlackElo "1540"]
[PlyCount "73"]

1. e4 e5 2. Nf3 Nf6 3. Nxe5 d6 4. Nf3 Nxe4 5. d4 d5 6. Bd3 Be7 7. O-O O-O 8. c4
Bf5 9. cxd5 Qxd5 10. Bxe4 Bxe4 11. Nc3 Qf5 12. Nxe4 Qxe4 13. Re1 Qd5 14. Rxe7
Nd7 15. Ne5 Rad8 16. Rxd7 Rxd7 17. Nxd7 Qxd7 18. Be3 Rd8 19. Qb3 c6 20. Re1 Re8
21. Bd2 Rxe1+ 22. Bxe1 Qe6 23. Qxe6 fxe6 24. Kf1 Kf7 25. Bc3 g6 26. Ke2 Ke8 27.
Ke3 Kd7 28. Ke4 b6 29. Ke5 a5 30. a4 Ke7 31. h4 h6 32. g4 g5 33. hxg5 hxg5 34.
Bd2 c5 35. dxc5 bxc5 36. Bxa5 Kd7 37. Bd2 1-0

[Event "2e Open International de Balagne"]
[Site "Calvi"]
[Date "2005.02.20"]
[Round "1.31"]
[White "Roqueviere, Jeremy"]
[Black "Patetif, Dyanna"]
[Result "0-1"]
[WhiteElo "1490"]
[BlackElo "1660"]
[PlyCount "42"]

1. e4 c5 2. c4 Nc6 3. Nc3 d6 4. g3 e5 5. Bg2 Be7 6. Nf3 f5 7. Qc2 fxe4 8. Nxe4
Nf6 9. d3 O-O 10. O-O Bg4 11. Nfg5 Nxe4 12. Bxe4 Bxg5 13. Bxg5 Qxg5 14. Bd5+
Kh8 15. Bg2 Nd4 16. Qc1 Ne2+ 17. Kh1 Nxc1 18. Raxc1 Be2 19. Rfe1 Rxf2 20. Bf3
Bxf3+ 21. Kg1 Qd2 0-1

[Event "2e Open International de Balagne"]
[Site "Calvi"]
[Date "2005.02.20"]
[Round "1.33"]
[White "Wojnowska, Natalia"]
[Black "Namtvedt, Tone"]
[Result "0-1"]
[WhiteElo "1180"]
[BlackElo "1399"]
[PlyCount "40"]

1. e4 c6 2. d4 d5 3. Nc3 dxe4 4. Nxe4 Bf5 5. Bd3 Qxd4 6. f3 e6 7. Ne2 Qb6 8.
Nf2 Bxd3 9. Qxd3 Bc5 10. O-O Nf6 11. Bg5 Nbd7 12. Kh1 Bxf2 13. Rxf2 Qxf2 14.
Be3 Qh4 15. g3 Qh5 16. f4 Ng4 17. Bg1 Rd8 18. Qe4 Ndf6 19. Qb4 Qd5+ 20. Qe4
Qxe4# 0-1

[Event "2e Open International de Balagne"]
[Site "Calvi"]
[Date "2005.02.20"]
[Round "1.35"]
[White "Bartoli, Pierre-Antoine"]
[Black "Stubbe, Alicia"]
[Result "0-1"]
[WhiteElo "1099"]
[BlackElo "1380"]
[PlyCount "38"]

1. e4 e5 2. Nf3 Nc6 3. Bc4 Nf6 4. O-O Bc5 5. d3 d6 6. Qe2 Bg4 7. h3 Nd4 8. Qe1
Bxf3 9. gxf3 Nxf3+ 10. Kg2 Nxe1+ 11. Rxe1 O-O 12. Nc3 Bb4 13. a3 Bxc3 14. bxc3
c6 15. d4 exd4 16. cxd4 d5 17. exd5 cxd5 18. Bxd5 Qxd5+ 19. f3 Rae8 0-1

[Event "2e Open International de Balagne"]
[Site "Calvi"]
[Date "2005.02.21"]
[Round "2.1"]
[White "Zozulia, Anna"]
[Black "Agdestein, Simen"]
[Result "0-1"]
[WhiteElo "2411"]
[BlackElo "2586"]
[PlyCount "66"]
[EventDate "2005.??.??"]

1. e4 e6 2. d4 d5 3. exd5 exd5 4. Nf3 Bd6 5. c4 Nf6 6. Nc3 O-O 7. Bg5 dxc4 8.
Bxc4 Re8+ 9. Be2 h6 10. Bh4 Nc6 11. O-O Bg4 12. Qa4 Bxf3 13. Bxf3 Nxd4 14. Bxb7
Rb8 15. Rad1 c5 16. Nd5 g5 17. Nxf6+ Qxf6 18. Bg3 Re7 19. Qa6 Rd7 20. Bc8 Rd8
21. Bg4 Rxb2 22. Qxa7 Bf8 23. Qa3 Rc2 24. Qa4 Rb2 25. Bc7 Bd6 26. Bxd8 Qf4 27.
Qe8+ Kg7 28. g3 Qxg4 29. Rd3 Rb8 30. Re1 Qc8 31. Qe4 Qxd8 32. Red1 Qf6 33. a4
Rb2 0-1

[Event "2e Open International de Balagne"]
[Site "Calvi"]
[Date "2005.02.21"]
[Round "2.2"]
[White "Malakhatko, Vadim"]
[Black "Borchgrevink, Harald"]
[Result "1-0"]
[WhiteElo "2569"]
[BlackElo "2257"]
[PlyCount "77"]
[EventDate "2005.??.??"]

1. d4 d5 2. c4 e6 3. Nf3 c6 4. Nc3 dxc4 5. Bg5 Be7 6. Bxe7 Nxe7 7. a4 Qb6 8.
Qd2 O-O 9. a5 Qc7 10. e3 Nd7 11. Bxc4 e5 12. Ne4 exd4 13. Qxd4 Nf5 14. Qc3 Re8
15. Ned2 Nf6 16. O-O Nd6 17. Bd3 Bg4 18. a6 b6 19. b4 Rac8 20. Rfc1 Qe7 21. Qd4
Bxf3 22. Nxf3 Nde4 23. Qb2 c5 24. bxc5 Nxc5 25. Bb5 Red8 26. h3 Nfe4 27. Nd4
Nd6 28. Be2 Qf6 29. Rc2 Ne6 30. Rd1 Ne4 31. Bf3 N4c5 32. Rcd2 Nxd4 33. exd4 Na4
34. Qb3 Nc3 35. Re1 b5 36. Bb7 Rc7 37. Rd3 b4 38. Qxb4 Na2 39. Qd2 1-0

[Event "2e Open International de Balagne"]
[Site "Calvi"]
[Date "2005.02.21"]
[Round "2.3"]
[White "Brethes, Francois"]
[Black "Hamdouchi, Hicham"]
[Result "0-1"]
[WhiteElo "2147"]
[BlackElo "2555"]
[PlyCount "34"]
[EventDate "2005.??.??"]

1. d4 e6 2. Nf3 c5 3. c3 Nf6 4. Bf4 b6 5. e3 Bb7 6. Bd3 Be7 7. h3 Ne4 8. Nbd2
Nxd2 9. Qxd2 cxd4 10. cxd4 O-O 11. e4 f5 12. Qe2 fxe4 13. Bxe4 d5 14. Bd3 Rxf4
15. Qxe6+ Kh8 16. Ne5 Bb4+ 17. Kf1 Qg8 0-1

[Event "2e Open International de Balagne"]
[Site "Calvi"]
[Date "2005.02.21"]
[Round "2.4"]
[White "Chatalbashev, Boris"]
[Black "Fossum, Oystein Boyum"]
[Result "1-0"]
[WhiteElo "2538"]
[BlackElo "2214"]
[PlyCount "105"]
[EventDate "2005.??.??"]

1. d4 f5 2. g3 Nf6 3. Bg2 e6 4. Nf3 d5 5. b3 Bd6 6. O-O Qe7 7. c4 c6 8. Bb2 b6
9. Ne5 Bb7 10. Nd2 Nbd7 11. Rc1 O-O 12. cxd5 cxd5 13. Ndc4 Rac8 14. Nxd6 Qxd6
15. Qd3 Rxc1 16. Rxc1 Rc8 17. Rxc8+ Bxc8 18. Qc2 Bb7 19. Qc1 Qb8 20. Nd3 Qc8
21. Qe3 Nb8 22. Ba3 Nc6 23. h3 a5 24. Bd6 Ba6 25. Nf4 Kf7 26. g4 g5 27. Nd3 f4
28. Nxf4 gxf4 29. Qxf4 Kg7 30. Qg5+ Kf7 31. Qf4 Kg7 32. g5 Ng8 33. e4 Nge7 34.
Qf6+ Kg8 35. h4 Qd7 36. Bh3 Bc8 37. e5 Qe8 38. Bxe6+ Bxe6 39. Qxe6+ Qf7 40. Qd7
Qf5 41. Qe8+ Qf8 42. Qd7 Qc8 43. e6 Qf8 44. h5 Qf5 45. Qe8+ Qf8 46. Qxf8+ Kxf8
47. h6 Kg8 48. Bxe7 Nxe7 49. Kg2 Ng6 50. Kg3 Kf8 51. f4 Ke7 52. f5 Nf8 53. Kf4
1-0

[Event "2e Open International de Balagne"]
[Site "Calvi"]
[Date "2005.02.21"]
[Round "2.5"]
[White "Thomassen, Joachim"]
[Black "Guidarelli, Laurent"]
[Result "0-1"]
[WhiteElo "1948"]
[BlackElo "2438"]
[PlyCount "60"]
[EventDate "2005.??.??"]

1. d4 Nf6 2. Nf3 g6 3. c4 Bg7 4. Nc3 O-O 5. e4 d6 6. Be2 Bg4 7. Ng1 Bxe2 8.
Ngxe2 c5 9. dxc5 dxc5 10. Qxd8 Rxd8 11. Nd5 Nc6 12. Nec3 e6 13. Nf4 Na5 14. e5
Ng4 15. b3 Nxe5 16. Nfe2 Nd3+ 17. Kf1 Nxc1 18. Rxc1 Nc6 19. f4 Nb4 20. h4 Nd3
21. Rc2 Bxc3 22. Rxc3 Nxf4 23. Kf2 Rd2 24. Re3 Rad8 25. Kf3 Nxe2 26. Rxe2 Rxe2
27. Kxe2 h5 28. Rf1 f5 29. g3 Kf7 30. Ke3 e5 0-1

[Event "2e Open International de Balagne"]
[Site "Calvi"]
[Date "2005.02.21"]
[Round "2.6"]
[White "Fossum, Atle Byum"]
[Black "Kvisla, Johannes Luangtep"]
[Result "1-0"]
[WhiteElo "1974"]
[BlackElo "2003"]
[PlyCount "114"]
[EventDate "2005.??.??"]

1. c4 f5 2. g3 Nf6 3. Bg2 e6 4. Nf3 Be7 5. O-O d6 6. Nc3 O-O 7. d3 Qe8 8. e4 e5
9. exf5 Bxf5 10. d4 Nc6 11. Nd5 Nxd5 12. cxd5 Nxd4 13. Nxd4 exd4 14. Qxd4 Bf6
15. Qb4 Bd3 16. Re1 Qb5 17. Qxb5 Bxb5 18. Bh3 c6 19. a4 Ba6 20. Bf4 cxd5 21.
Be6+ Kh8 22. Bxd5 Bxb2 23. Rab1 Ba3 24. Bxb7 Bxb7 25. Rxb7 d5 26. Be5 Rg8 27.
Bd4 h6 28. Re6 Kh7 29. Be3 Rgb8 30. Rxh6+ Kg8 31. Rxb8+ Rxb8 32. Ra6 Bb2 33.
Rxa7 d4 34. Bf4 Re8 35. Rb7 Re1+ 36. Kg2 Bc3 37. Rd7 Kh7 38. a5 Bxa5 39. Rxd4
Re2 40. Kf3 Ra2 41. Rd7 Bc3 42. Be3 Ra4 43. h4 Bf6 44. Bf4 Kg6 45. Rd5 Ra3+ 46.
Kg4 Ra7 47. Rc5 Ra4 48. h5+ Kf7 49. Kf5 Be7 50. Rb5 Ra6 51. Be5 g6+ 52. hxg6+
Rxg6 53. Rb7 Rg5+ 54. Kf4 Rg6 55. g4 Ke6 56. Rb6+ Kf7 57. Rxg6 Kxg6 1-0

[Event "2e Open International de Balagne"]
[Site "Calvi"]
[Date "2005.02.21"]
[Round "2.7"]
[White "Baklan, Vladimir"]
[Black "Sanchez, Nicolas"]
[Result "1-0"]
[WhiteElo "2578"]
[BlackElo "2166"]
[PlyCount "95"]
[EventDate "2005.??.??"]

1. e4 g6 2. d4 Bg7 3. Nc3 d6 4. f4 Nc6 5. Be3 Nf6 6. Nf3 e6 7. Qe2 Ne7 8. Rg1
b6 9. g4 Bb7 10. Bf2 h5 11. h3 hxg4 12. hxg4 Qd7 13. O-O-O O-O-O 14. Ng5 Rdf8
15. Kb1 Kb8 16. Bg2 Ne8 17. e5 Bxg2 18. Rxg2 Qc6 19. Bg3 Kb7 20. Rgg1 Qd7 21.
Nce4 d5 22. Nd2 c6 23. Rh1 Nc8 24. Ndf3 Nc7 25. Nh7 Rfg8 26. Rh2 c5 27. dxc5
bxc5 28. Bf2 Na6 29. Nfg5 Nb6 30. Ne4 c4 31. Nd6+ Ka8 32. Bxb6 axb6 33. Rh3 Ka7
34. g5 Ra8 35. Qe3 Nc5 36. Nxc4 Qa4 37. Nd6 Kb8 38. a3 Ra7 39. Rd4 Qa6 40. Rb4
Rc7 41. Nb5 Rcc8 42. Nf6 d4 43. Qf3 Rxh3 44. Qxh3 d3 45. cxd3 Rh8 46. Qf3 Qc8
47. Nd6 Qc7 48. Nfe8 1-0

[Event "2e Open International de Balagne"]
[Site "Calvi"]
[Date "2005.02.21"]
[Round "2.8"]
[White "Vuckovic, Bojan"]
[Black "Ferrandi, Bernard"]
[Result "1-0"]
[WhiteElo "2525"]
[BlackElo "2007"]
[PlyCount "45"]
[EventDate "2005.??.??"]

1. e4 e5 2. Nf3 Nc6 3. d4 exd4 4. Nxd4 Bc5 5. Nxc6 Qf6 6. Qd2 dxc6 7. Nc3 Bb4
8. Bd3 Be6 9. O-O O-O-O 10. Qe3 Kb8 11. Qg3 Qg6 12. Ne2 Ne7 13. Be3 h5 14. a3
Bd6 15. Qxg6 Nxg6 16. f4 Bg4 17. Nc3 Bc8 18. Rae1 f5 19. e5 Be7 20. Ne2 h4 21.
Nd4 Rhf8 22. Bc4 Bc5 23. Nxc6+ 1-0

[Event "2e Open International de Balagne"]
[Site "Calvi"]
[Date "2005.02.21"]
[Round "2.9"]
[White "Galdunts, Sergey"]
[Black "Astrup, Hkon"]
[Result "1-0"]
[WhiteElo "2489"]
[BlackElo "1965"]
[PlyCount "61"]
[EventDate "2005.??.??"]

1. e4 c6 2. d3 d5 3. Nd2 e5 4. Ngf3 Bg4 5. h3 Bxf3 6. Qxf3 Nf6 7. c3 Bc5 8. Be2
Nbd7 9. Nf1 Qc7 10. Ne3 dxe4 11. dxe4 O-O-O 12. Nf5 g6 13. Nh6 Rdf8 14. Bc4 Nb6
15. Bb3 Ne8 16. Be3 Bxe3 17. Qxe3 Nd6 18. O-O-O c5 19. Rxd6 Qxd6 20. Nxf7 Rxf7
21. Bxf7 Rd8 22. Bb3 c4 23. Bd1 a6 24. h4 Qc6 25. Bg4+ Kb8 26. Rd1 Rxd1+ 27.
Bxd1 Na4 28. Qg5 Qb6 29. Bxa4 Qxf2 30. Qxe5+ Ka8 31. a3 1-0

[Event "2e Open International de Balagne"]
[Site "Calvi"]
[Date "2005.??.??"]
[Round "2.10"]
[White "Kryvoruchko, Yuriy"]
[Black "Larsen Hagen, Brede Andre"]
[Result "1-0"]
[WhiteElo "2474"]
[BlackElo "1938"]
[PlyCount "71"]

1. e4 e5 2. Nf3 Nc6 3. d4 exd4 4. c3 dxc3 5. Nxc3 d6 6. Bc4 Bg4 7. Qb3 Qd7 8.
Bxf7+ Qxf7 9. Qxb7 Kd7 10. Qxa8 Bxf3 11. gxf3 Qxf3 12. Rg1 Nd4 13. Be3 Nc2+ 14.
Kd2 Nxa1 15. Qxa7 Nf6 16. Qa4+ Kd8 17. Rxa1 Ng4 18. Rg1 Nxe3 19. fxe3 Qf2+ 20.
Ne2 g6 21. Rc1 Bg7 22. Qa8+ Kd7 23. Qc6+ Ke6 24. Qxc7 Bxb2 25. Rb1 Be5 26. Rb7
Qf8 27. Qd7+ Kf6 28. Nf4 Qe8 29. Qg4 Bxf4 30. Qxf4+ Ke6 31. Qg5 Qf8 32. Qd5+
Kf6 33. Rd7 Rg8 34. h4 h6 35. a4 g5 36. Qf5# 1-0

[Event "2e Open International de Balagne"]
[Site "Calvi"]
[Date "2005.02.21"]
[Round "2.11"]
[White "Danielsen, Magnus"]
[Black "Oleksienko, Mikhailo"]
[Result "0-1"]
[WhiteElo "1914"]
[BlackElo "2469"]
[PlyCount "57"]
[EventDate "2005.??.??"]

1. e4 d6 2. d4 Nf6 3. Nc3 g6 4. Bc4 Bg7 5. f3 O-O 6. Be3 Nbd7 7. Nge2 c6 8. a4
d5 9. Bb3 dxe4 10. Nxe4 Nd5 11. Bf2 N7f6 12. Nxf6+ Bxf6 13. O-O a5 14. Ng3 b6
15. Ne4 Bg7 16. Qd2 Be6 17. Rad1 Nc7 18. Bxe6 Nxe6 19. c3 Qd5 20. Qc2 Rfd8 21.
Be3 b5 22. b3 bxa4 23. bxa4 Qc4 24. Rb1 Nxd4 25. Bxd4 Bxd4+ 26. Kh1 Bg7 27.
Rfe1 f5 28. Ng5 Bf6 29. Nh3 0-1

[Event "2e Open International de Balagne"]
[Site "Calvi"]
[Date "2005.02.21"]
[Round "2.12"]
[White "Vovk, Yuri"]
[Black "Reppen, Ellisiv"]
[Result "1-0"]
[WhiteElo "2420"]
[BlackElo "1891"]
[PlyCount "97"]
[EventDate "2005.??.??"]

1. e4 d5 2. exd5 Qxd5 3. Nc3 Qa5 4. d4 Nf6 5. Nf3 Bg4 6. Bc4 e6 7. h3 Bh5 8. g4
Bg6 9. Ne5 Nbd7 10. Nxg6 hxg6 11. g5 Ne4 12. Qf3 Nxc3 13. bxc3 c6 14. Kf1 Qf5
15. Qxf5 gxf5 16. g6 Nb6 17. Bb3 Bd6 18. a4 Nd5 19. c4 Nf4 20. c5 Bc7 21. Bxf4
Bxf4 22. Re1 Rh6 23. gxf7+ Kxf7 24. Ke2 Rah8 25. Kd1 Rd8 26. c3 b6 27. cxb6
axb6 28. Kc2 g5 29. Re2 g4 30. h4 c5 31. dxc5 bxc5 32. Bc4 Ke7 33. a5 e5 34.
Rb1 Rhd6 35. a6 R6d7 36. Rb6 Rd6 37. Rxd6 Kxd6 38. Re1 Kc6 39. Rb1 e4 40. Rb7
g3 41. Bb5+ Kd6 42. fxg3 Bxg3 43. a7 Ke6 44. Rb6+ Ke7 45. Ra6 Bxh4 46. a8=Q
Rxa8 47. Rxa8 Kf6 48. Bd7 Kg5 49. Rg8+ 1-0